000 00792nam a2200241Ia 4500
008 131103s9999 xx 000 0 und d
020 _a226329666
_cRs 904
040 _aLoreto College
041 _aEnglish
082 _a881/HES
_bLCLIB/46727
100 _aHesiod
245 _aWorks of Hesiod and the Homeric hymns
_b Works and days, Theogony, The Homeric hymns, The battle of the frogs and the mice
_cTranslated by Daryl Hine
260 _aChicago
_bThe University of Chicago Press
_c2007
300 _a220p
_c 24 cm
504 _aIncludes index
630 _aHymns, Greek
630 _aReligious poetry, Greek
650 _aFables, Greek
651 _aDidactic poetry, Greek - Translation into English
700 _aHine, Daryl, tr
850 _aLCLIB/881/HES
942 _cBK
999 _c20371
_d70850